00607nam a2200169 a 4500003000500000005001700005008004100022020001800063050002300081100002200104245011500126260004200241300004200283500006300325650002800388700002100416PILC20160215102939.0091116s19uu xx 00 eng d a9781405158787 aBF 76.7b.B45 2008 aBeins, Bernard C. aEffective writing in Psychology :bpapers, posters, and presentations /cBernard C. Beins and Agatha M. Beins. aU.S.A :bBlackwell Publishing,c2008. a269 pages :c24 cm. billustrations ; aIncludes appendices, bibliographical references and index. aPsychologyxAuthorship. aBeins, Agatha M.